=LDR 00000nam 2200000 4500 =001 INLIS000000000035124 =005 20130612141013 =008 ***********************************Ind** =035 ##$$0010-061300000035124 =041 ##$$a Ind =082 ##$$a 410.7 =090 ##$$a 410.7, Irm b =100 ##$$a Irman, Mokhamad =245 ##$$a Bahasa Indonesia, untuk SMK/MAK semua program Kejuruan kelas XII, Mokhamad Irman...[ at.al. ] =260 ##$$a 2008 $b Jakarta =300 ##$$a ...Jilid, 25 cm =650 ##$$a Bahasa Indonesia =650 ##$$a Studi dan Pengajaran =850 ##$$a NBPNMAT